Analgesia

Spremljeno u:
Bibliografski detalji
Glavni autor: Anguita, Paula (Autor)
Format: Knjiga
Jezik:španjolski
Izdano: Santiago Patricia Ready Galería 2011
Izdanje:1a. ed
Teme:
Oznake: Dodaj oznaku
Bez oznaka, Budi prvi tko označuje ovaj zapis!

MARC

LEADER 00000cam a2200000 a 4500
001 UCC4633
003 CL-VaPUC
008 180817e20110000cl |||||||||||||||||spa|d
082 0 4 |a 709.83  |b ANG  |2 21 
100 0 |a Anguita, Paula  |e author  |9 598850 
245 1 0 |a Analgesia 
250 |a 1a. ed 
300 |a 16 h 
942 |c BK 
945 |d 20180817 12:57:00  |a dcastane 
260 |a Santiago  |b Patricia Ready Galería  |c 2011 
650 0 |a Arte contemporáneo chileno  |9 464579 
650 0 |a Artistas chilenos  |9 344566 
650 0 |a Arte conceptual  |9 341272 
583 |a last modification  |c 20180817 12:57:00  |k Rodrigo Vera 
999 |c 372085  |d 372083 
952 |0 0  |1 0  |3 erb  |4 0  |6 709_830000000000000_ANG_2011  |7 0  |8 R  |9 489348  |a BIBART  |b BIBART  |i 5488192  |o 709.83 ANG 2011  |p 5488192  |r 2025-03-13  |w 2019-11-24  |y BK_R  |z Catalogado en:20180817  |k ART